<?xml version="1.0" encoding="UTF-8"?>
<record
    xmlns:xsi="http://www.w3.org/2001/XMLSchema-instance"
    xsi:schemaLocation="http://www.loc.gov/MARC21/slim http://www.loc.gov/standards/marcxml/schema/MARC21slim.xsd"
    xmlns="http://www.loc.gov/MARC21/slim">

  <leader>00794cam a22002171  4500</leader>
  <controlfield tag="001">ne 67000881 </controlfield>
  <controlfield tag="003">DLC</controlfield>
  <controlfield tag="005">20260227111831.0</controlfield>
  <controlfield tag="008">910222m19539999ir abc   b    000 0 perr </controlfield>
  <datafield tag="010" ind1=" " ind2=" ">
    <subfield code="a">ne 67000881 </subfield>
  </datafield>
  <datafield tag="035" ind1=" " ind2=" ">
    <subfield code="a">(OCoLC)23138989</subfield>
  </datafield>
  <datafield tag="040" ind1=" " ind2=" ">
    <subfield code="a">DLC</subfield>
    <subfield code="c">CU</subfield>
    <subfield code="d">CU</subfield>
    <subfield code="d">OCoLC</subfield>
    <subfield code="d">DLC</subfield>
  </datafield>
  <datafield tag="043" ind1=" " ind2=" ">
    <subfield code="a">a-ir---</subfield>
  </datafield>
  <datafield tag="050" ind1="0" ind2="0">
    <subfield code="a">DS324.K49</subfield>
    <subfield code="b">S4</subfield>
  </datafield>
  <datafield tag="100" ind1="1" ind2=" ">
    <subfield code="a">Sh&#x16B;shtar&#x12B;, Mu&#x1E25;ammad &#x2BB;Al&#x12B; Im&#x101;m,</subfield>
    <subfield code="d">1864 or 1865-1972.</subfield>
  </datafield>
  <datafield tag="245" ind1="1" ind2="0">
    <subfield code="a">T&#x101;r&#x12B;kh-i jughr&#x101;fiy&#x101;&#x2BC;&#x12B;-i Kh&#x16B;zist&#x101;n,</subfield>
    <subfield code="c">Nivishtah-i S. Mu&#x1E25;ammad &#x2BB;Al&#x12B; Im&#x101;m Sh&#x16B;shtar&#x12B;.</subfield>
  </datafield>
  <datafield tag="260" ind1=" " ind2=" ">
    <subfield code="a">[Tihr&#x101;n]</subfield>
    <subfield code="b">Mu&#x2BC;assasah-i Ma&#x1E6D;b&#x16B;&#x2BB;&#x101;t Am&#x12B;r Kab&#x12B;r,</subfield>
    <subfield code="c">1331- [1953-    ]</subfield>
  </datafield>
  <datafield tag="300" ind1=" " ind2=" ">
    <subfield code="a">v. &lt;1&gt;</subfield>
    <subfield code="b">illus., geneal. table, maps (1 fold.) ports.</subfield>
    <subfield code="c">25 cm.</subfield>
  </datafield>
  <datafield tag="504" ind1=" " ind2=" ">
    <subfield code="a">Bibliography: v. 1, p. [273]-275.</subfield>
  </datafield>
  <datafield tag="651" ind1=" " ind2="0">
    <subfield code="a">Kh&#x16B;zist&#x101;n (Iran)</subfield>
    <subfield code="x">Description and travel.</subfield>
  </datafield>
  <datafield tag="999" ind1=" " ind2=" ">
    <subfield code="c">49573</subfield>
    <subfield code="d">49573</subfield>
  </datafield>
</record>
